Datum a čas kvízu
16.5
Celkem bodů
Celkový počet nahraných bodů na tomto kvízu bez doplňovacích otázek.
8.
Pořadí na kvízu
Konečné umístění týmu na tomto kvízu.
Zaznamenané odpovědi
| # | Otázka | Odpověď | Body | Výsledky |
|---|---|---|---|---|
| 1. | Dům zahraniční spolupráce minu... | B | 0 | |
| 2. | Ruská poslankyně Natalja Poklo... | na Krym | 0 | |
| 3. | Slavnostní otevření nové libeň... | Kabát | 0 | |
| 4. | Společnost Mattel představila... | Panenky jsou genderově neutrální. | 1 | |
| 5. | V pátek začal světový šampioná... | Katar | 0 | |
| 6. | V tomto tématu se podíváme na... | Tábor, Šárka | 0 | |
| 7. | Kolik procent tuku musí nejmén... | 10 % | 0 | |
| 8. | Kterým slovem na pět písmen by... | nažka | 0 | |
| 9. | Po Bedřichu Smetanovi byl pojm... | Merkur | 0 | |
| 10. | Futuretro, Biorytmy, Kluci kde... | Tata Bojs | 0 |